Statistics for Top 10 Spoken Languages in Africa

Click here to take the quiz!

General Stats

  • This quiz has been taken 899 times
    (896 since last reset)
  • The average score is 6 of 10

Answer Stats

Native SpeakersMain CountryLanguage% Correct
150 milEgyptArabic
99%
15 milTanzaniaSwahili
79%
36 milEthiopiaAmharic
72%
15 milSomaliaSomali
71%
30 milMoroccoBerber
63%
25 milNigeriaIgbo
62%
20 milMadagascarMalagasy
55%
35 milNigeriaHausa
48%
26 milEthiopiaOromo
38%
24 milSenegalFula
24%

Score Distribution

Percentile by Number Answered

Percent of People with Each Score

Your Score History

You have not taken this quiz since the last reset